| 000 | 00459nam a2200157 a 4500 | ||
|---|---|---|---|
| 005 | 20140414093849.0 | ||
| 008 | 110625s19uu xx 00 eng d | ||
| 020 | _a9781846909122 | ||
| 050 |
_aDVD 510 _bMAT 2010 |
||
| 100 | _aBaston, Chris | ||
| 245 |
_aEdexcel GCSE Mathematics linear foundation : _bActive teach / _cChris Baston. |
||
| 260 |
_aEngland : _bPearson, _c2010. |
||
| 650 |
_aMathematics _xStudy and teaching |
||
| 942 | _cAVM | ||
| 999 |
_c109771 _d109771 |
||